[Event "40th TCh-GRE 2012"]
[Site "Achaea GRE"]
[Date "2012.07.03"]
[Round "5.12"]
[White "Makropoulou,M"]
[Black "Cramling,P"]
[Result "0-1"]
[WhiteElo "2248"]
[BlackElo "2478"]

1.e4 c5 2.Nf3 e6 3.d4 cxd4 4.Nxd4 a6 5.Bd3 Nf6 6.Be3 e5 7.Nf3 Be7 8.c4 Ng4
9.O-O Nxe3 10.fxe3 Nc6 11.Nc3 Bc5 12.Qe1 O-O 13.Nd5 d6 14.b4 Ba7 15.Nh4 Ne7
16.Rf3 Nxd5 17.exd5 Bg4 18.Rf1 Qg5 19.Kh1 Qxe3 20.Qxe3 Bxe3 21.h3 Bd7 22.Nf5 Bxf5
23.Rxf5 g6 24.Rf3 Bd4 25.Rc1 f5 26.Be2 Rac8 27.Rb3 Rf7 28.c5 dxc5 29.bxc5 Rxc5
30.Rcb1 b5 31.a4 bxa4 32.Ra3 Rfc7 33.Rxa4 Rc1+ 34.Rxc1 Rxc1+ 35.Kh2 Bg1+
36.Kg3 Rc3+ 37.Bf3 e4 38.Rxa6 exf3 39.gxf3 Rd3 40.Rd6 Kg7 41.Rd7+ Kh6 42.Kg2 Be3
43.h4 Bf4  0-1

[Event "Mulhouse IM 2012"]
[Site "Mulhouse FRA"]
[Date "2012.07.03"]
[Round "3.3"]
[White "Wyss,J"]
[Black "Genov,Peta"]
[Result "1/2-1/2"]
[WhiteElo "2241"]
[BlackElo "2463"]

1.e4 c5 2.Nf3 e6 3.d4 cxd4 4.Nxd4 a6 5.Bd3 Ne7 6.O-O Nbc6 7.Nxc6 Nxc6 8.f4 Be7
9.Nd2 d6 10.Nf3 O-O 11.c3 b5 12.Qe2 Rb8 13.e5 g6 14.Kh1 Qc7 15.h4 Bb7 16.h5 Rbd8
17.exd6 Qxd6 18.Bc2 Bf6 19.Be3 Ne7 20.Qf2 Qd5 21.Ng5 Bxg5 22.fxg5 Nf5 23.Bxf5 exf5
24.a4  1/2-1/2

[Event "Perla Baltyku Open 2012"]
[Site "Lazy POL"]
[Date "2012.07.04"]
[Round "5.7"]
[White "Licznerski,L"]
[Black "Kalinina,O"]
[Result "1/2-1/2"]
[WhiteElo "2269"]
[BlackElo "2297"]

1.e4 c5 2.Nf3 e6 3.d4 cxd4 4.Nxd4 a6 5.Bd3 Qc7 6.O-O Nf6 7.Qe2 d6 8.c4 g6
9.Nc3 Bg7 10.Nb3 O-O 11.Bf4 e5 12.Be3 Nc6 13.Nd5 Nxd5 14.cxd5 Ne7 15.Rfc1 Qd8
16.Nd2 Bd7 17.Nc4 Nc8 18.Qd2 f5 19.Qb4 f4 20.Bb6 Qg5 21.f3 Bf6 22.Bc7 b5
23.Na5 Rf7 24.a4 Bd8 25.Bf1 Bxc7 26.Rxc7 Qd8 27.Rac1 Be8 28.Nb7 Rxc7 29.Qa5 Rxc1
30.Qxd8 Kf7 31.Nxd6+ Nxd6 32.Qxa8 bxa4 33.Qa7+ Kf8 34.Qxa6 Ke7 35.Qa7+ Kf8
36.Qb6 Ke7 37.Qa7+ Kf8 38.Qa6 Ke7 39.Kf2 Rc2+ 40.Ke1 Rxb2 41.Kd1 a3 42.Kc1 Rb3
43.Kc2 Rb2+ 44.Kc3 Rb1 45.Bd3 Ra1 46.Kb3 a2 47.Kb2 Rd1 48.Kxa2 Rd2+ 49.Kb3 Rxg2
50.h4 h6 51.Qa1 Kf6 52.Qa7 Rg3 53.Qc7 Nf7 54.Be2 Rg2 55.Bd3 Rg3 56.d6 Rxf3
57.Qe7+ Kg7 58.Kc2 Ba4+ 59.Kd2 Bb3 60.d7 Kg8 61.d8=Q+ Nxd8 62.Qxd8+ Kf7 63.Qc7+ Kf6
64.Qb6+  1/2-1/2

[Event "Perla Baltyku Open 2012"]
[Site "Lazy POL"]
[Date "2012.07.04"]
[Round "5.3"]
[White "Strzemiecki,Z"]
[Black "Krzyzanowski,M"]
[Result "1-0"]
[WhiteElo "2416"]
[BlackElo "2377"]

1.e4 c5 2.Nf3 e6 3.d4 cxd4 4.Nxd4 a6 5.Bd3 Ne7 6.O-O Nbc6 7.Nb3 d5 8.Nc3 dxe4
9.Bxe4 Qc7 10.Be3 Ng6 11.Na4 Be7 12.f4 O-O 13.Bb6 Qb8 14.Qf3 Nh4 15.Qe2 Nf5
16.Rad1 Bd6 17.Qf3 Bc7 18.Bc5 Re8 19.Nb6 Bxb6 20.Bxb6 Nfe7 21.c4 f5 22.Bc2 e5
23.Rfe1 e4 24.Qe3 Be6 25.Nc5 Nc8 26.Nxe6 Rxe6 27.Bc5 Qc7 28.Ba3 Re8 29.b3 Kh8
30.Bb2 N8e7 31.a3 Ng6 32.g3 Rad8 33.b4 Nf8 34.c5 Rxd1 35.Rxd1 Rd8 36.Rxd8 Qxd8
37.Bb3 Nd7 38.Qd2 Nf6 39.Qxd8+ Nxd8 40.Bxf6 gxf6 41.Bd5 Nc6 42.Bxc6 bxc6
43.a4  1-0

[Event "Perla Baltyku Open 2012"]
[Site "Lazy POL"]
[Date "2012.07.04"]
[Round "5.15"]
[White "Snihur,P"]
[Black "Szotkowski,J"]
[Result "1/2-1/2"]
[WhiteElo "1997"]
[BlackElo "2063"]

1.e4 c5 2.Nf3 e6 3.d4 cxd4 4.Nxd4 a6 5.Bd3 Nf6 6.O-O d6 7.c4 Nbd7 8.Nc3 g6
9.b3 Qc7 10.Bb2 Bg7 11.Kh1 b6 12.f4 Bb7 13.Qe2 O-O 14.Rae1 Rad8 15.Bb1 Rfe8
16.Nf3 h5 17.Qc2 Nc5 18.Ng5 e5 19.f5 Qe7 20.fxg6 fxg6 21.Bc1 Rf8 22.Nd5 Nxd5
23.exd5 Rxf1+ 24.Rxf1 Rf8 25.Rf3 e4 26.Nxe4 Bc8 27.Rxf8+ Qxf8 28.Qf2 Bf5
29.Nd2 Nd3 30.Bxd3 Bxd3 31.Qxf8+ Kxf8 32.a3 Bh6 33.g3 Be2 34.Kg2 Be3 35.h4 Ke7
36.Kh2 g5 37.hxg5 Bxg5 38.Kg1 Be3+ 39.Kg2 Kf7 40.b4 Kg6 41.Kh3 Kg5  1/2-1/2

[Event "Perla Baltyku Open 2012"]
[Site "Lazy POL"]
[Date "2012.07.05"]
[Round "6.14"]
[White "Jacek,K"]
[Black "Snihur,P"]
[Result "1-0"]
[WhiteElo "2074"]
[BlackElo "1997"]

1.e4 c5 2.Nf3 e6 3.d4 cxd4 4.Nxd4 a6 5.Bd3 Nc6 6.Nb3 Nf6 7.Qe2 d6 8.O-O Be7
9.Nc3 O-O 10.a4 b6 11.f4 Qc7 12.Kh1 Bb7 13.Be3 e5 14.fxe5 dxe5 15.Rxf6 Bxf6
16.Nd5 Qd8 17.Bxb6 Qc8 18.Bc5 Nd4 19.Nxf6+ gxf6 20.Bxd4 exd4 21.Nxd4 Kh8
22.Qh5 f5 23.Qh6 f6 24.Nxf5 Qc7 25.Rf1 Rae8 26.Nh4 Qg7 27.Qxg7+ Kxg7 28.Nf5+ Kh8
29.Nd6 Re7 30.Nxb7 Rxb7 31.b3 a5 32.Kg1 Re7 33.Rf3 Re5 34.Kf2 Kg7 35.Ke3 Kf7
36.Bc4+ Ke7 37.Kd4 Kd6 38.Rh3 h5 39.Rg3 Rfe8 40.Bd5 R5e7 41.Rg6 Rf8 42.c3 Kc7
43.b4 axb4 44.cxb4 Kb6 45.Kc4 Rc7+ 46.Kb3 Rb7 47.b5 Rc7 48.Kb4  1-0

[Event "2nd Polugaevsky Mem"]
[Site "Samara RUS"]
[Date "2012.07.05"]
[Round "1.24"]
[White "Bukavshin,I"]
[Black "Semenova,Alena"]
[Result "1-0"]
[WhiteElo "2487"]
[BlackElo "1957"]

1.Nf3 c5 2.e4 e6 3.d4 cxd4 4.Nxd4 a6 5.Bd3 Bc5 6.Nb3 Ba7 7.Qg4 Nf6 8.Qg3 Nc6
9.O-O d6 10.Nc3 b5 11.Qxg7 Rg8 12.Qh6 Rg6 13.Qh4 Rg4 14.Qh6 Rg6 15.Qh4 Rg4
16.Qh3 e5 17.Nd5 Rg6 18.Qh4 Nxd5 19.Qxd8+ Nxd8 20.exd5 f5 21.a4 b4 22.Bd2 Rb8
23.Be3 Bxe3 24.fxe3 Rf6 25.Rf2 Rf7 26.Raf1 e4 27.Be2 Kf8 28.Nd4 a5 29.Nxf5 Bxf5
30.Rxf5 Rb7 31.Rxf7+ Rxf7 32.Rf4 Rxf4 33.exf4 Nb7 34.Kf2 Kf7 35.Ke3 Kf6 36.b3 Nc5
37.g4 h6 38.h4 Kg6 39.f5+ Kf6 40.Kf4 e3 41.g5+ hxg5+ 42.hxg5+  1-0

[Event "35th Barbera Open A"]
[Site "Barbera del Valles ESP"]
[Date "2012.07.06"]
[Round "3.20"]
[White "Umudova,N"]
[Black "Fernandez Cardoso,A"]
[Result "0-1"]
[WhiteElo "2210"]
[BlackElo "2427"]

1.e4 c5 2.Nf3 e6 3.d4 cxd4 4.Nxd4 a6 5.Bd3 Nf6 6.O-O d6 7.c4 Nbd7 8.Nc3 b6
9.f4 Bb7 10.f5 e5 11.Nc2 Be7 12.Nd5 Nc5 13.b4 Ncxe4 14.Qe1 Qc8 15.Bxe4 Bxd5
16.Bxd5 Nxd5 17.cxd5 Qxc2 18.Be3 Bf6 19.Bxb6 O-O 20.Qe3 Rfc8 21.a4 Qc4 22.Qd2 e4
23.Rab1 Bc3 24.Qf4 Rab8 25.a5 Qxd5 26.Rfd1 Qe5 27.Qxe5 Bxe5 28.Rd5 h5 29.b5 axb5
30.Rdxb5 Rc2 31.h3 Ra2 32.Be3 Rxb5 33.Rxb5 Bc3 34.Bb6 Bd2 35.Kf1 e3 36.g4 hxg4
37.hxg4 f6 38.Ke2 Bxa5+ 39.Kxe3 Ra3+ 40.Kf2 Bd2 41.Bd4 Rd3 42.Bb2 Bf4 43.Rb4 Bg5
44.Kg2 Kh7 45.Rd4 Rb3 46.Ba1 Ra3 47.Rd1 Bf4 48.Kf2 Rg3 49.Rd4 Be5 50.Ra4 Rb3
51.Bxe5 dxe5 52.Ra7 Kh6 53.Rf7 Kg5 54.Rxg7+ Kf4 55.Rg6 e4 56.Rxf6 Rb2+ 57.Ke1 Kf3
58.Re6 e3 59.Kd1 e2+ 60.Kc1 Rb6 61.Re5 Kf2 62.g5 Rb5 63.Re7 Rxf5  0-1

[Event "7th Vladimir Dvorkovich Cup"]
[Site "Moscow RUS"]
[Date "2012.07.06"]
[Round "7.14"]
[White "Drozdowski,K"]
[Black "Sanal,V"]
[Result "0-1"]
[WhiteElo "2329"]
[BlackElo "2277"]

1.e4 c5 2.Nf3 e6 3.d4 cxd4 4.Nxd4 a6 5.Bd3 Nf6 6.O-O Qc7 7.Qe2 d6 8.c4 Be7
9.b3 Nbd7 10.Bb2 O-O 11.Nd2 b6 12.Rae1 g6 13.Bb1 Bb7 14.Kh1 Rfe8 15.f4 Rad8
16.N4f3 Bf8 17.e5 Nh5 18.Ng5 Bg7 19.exd6 Qxd6 20.Nde4 Qc7 21.Bxg7 Kxg7 22.Qe3 Nc5
23.Nxc5 Qxc5 24.Qxc5 bxc5 25.Be4 Re7 26.Bxb7 Rxb7 27.Ne4 Rc7 28.g3 Nf6 29.Rf2 Rd4
30.Nxf6 Kxf6 31.Kg2 a5 32.Re3 a4 33.bxa4 Rxc4 34.Ra3 Ra7 35.a5 Rb4 36.Rc2 Rb5
37.a6 Ke7 38.Kf3 Kd6 39.Rd2+ Kc7 40.Rad3 Kb6 41.Rd6+ Ka5 42.Rc6 Rxa6 43.Rc7 Kb4
44.Rxf7 Kc3 45.Ke3 c4 46.Rxh7 Rd5 47.Re2 Rc6 48.Rb7 Rd3+ 49.Ke4 Rd2 50.Re3+ Kc2
51.a4 c3 52.a5 Rd5 53.Rb6 Rxb6 54.axb6 Kb2 55.b7 Rb5 56.Kd3 c2 57.Re2 Rb3+
58.Kd4 Rxb7 59.Ke5 Kc3 60.Rxc2+ Kxc2 61.Kxe6 Kd3 62.Kf6 Rb6+ 63.Kg5 Ke4 64.h4 Rb3
65.Kxg6 Rxg3+ 66.Kf6 Kxf4 67.h5 Ra3 68.h6 Ra6+ 69.Kg7 Kg5 70.h7 Ra7+ 71.Kg8 Kg6
72.h8=N+ Kf6  0-1

[Event "Perla Baltyku Open 2012"]
[Site "Lazy POL"]
[Date "2012.07.07"]
[Round "8.18"]
[White "Tselkovskiy,Kirill"]
[Black "Snihur,P"]
[Result "1/2-1/2"]
[WhiteElo "1992"]
[BlackElo "1997"]

1.e4 c5 2.Nf3 e6 3.d4 cxd4 4.Nxd4 a6 5.Bd3 Nc6 6.Nxc6 dxc6 7.Nd2 e5 8.a4 Bd6
9.Nc4 Bc7 10.O-O Ne7 11.Be3 Be6 12.b3 O-O 13.Qe1 b5 14.Nb2 Ng6 15.Qc3 Bd7
16.Rfd1 Qc8 17.g3 Bg4 18.Rd2 Qb7 19.Bc5 Rfd8 20.Be2 Rxd2 21.Qxd2 Bc8 22.Qc3 Nf8
23.a5 Ne6 24.Nd3  1/2-1/2

[Event "ch-SLO w 2012"]
[Site "Ljubljana SLO"]
[Date "2012.07.07"]
[Round "8.3"]
[White "Kaps,D"]
[Black "Kolaric,S"]
[Result "1/2-1/2"]
[WhiteElo "2224"]
[BlackElo "2095"]

1.e4 c5 2.Nf3 e6 3.d4 cxd4 4.Nxd4 a6 5.Bd3 Nc6 6.Nxc6 dxc6 7.O-O e5 8.Be3 Nf6
9.h3 Bd6 10.Nd2 O-O 11.a4 Be6 12.Qe2 Qe7 13.a5 h6 14.Bc4 Nd7 15.Bxe6 Qxe6
16.Nc4 Be7 17.Rfd1 Rad8 18.b3 Nc5 19.f3 Qf6 20.Rxd8 Rxd8 21.Rd1 Nd7 22.Rd3 Nf8
23.Rxd8 Bxd8 24.Qd2 Be7 25.Bf2 Qe6 26.Nb6 f6 27.Be3 Kf7 28.Kf2 Qd6 29.Qxd6 Bxd6
30.c3 Ke6 31.Ke2 Nd7 32.Na4 Bc7 33.b4 Bd6 34.Kd3 Be7 35.g3 h5 36.g4 hxg4
37.fxg4 g6 38.h4 f5 39.g5 f4 40.Bf2 Bf8 41.Ke2 Be7 42.Kf3 Kf7 43.Kg4 Bd6
44.Nb2 c5 45.Nd3 cxb4 46.cxb4 Ke6 47.h5 gxh5+ 48.Kxh5 Kf7 49.Be1 Kg7 50.Bc3 Kh7
51.Ne1 Nb8 52.g6+ Kg7 53.Kg5 Nd7 54.Kf5 Nf8 55.Bxe5+ Bxe5 56.Kxe5 Nxg6+ 57.Kf5 Kf7
58.e5 Ne7+ 59.Ke4 Ke6 60.Nd3 Nc6 61.Nxf4+ Kd7 62.Nd3 Ke6 63.Nc5+ Ke7 64.Nxb7 Nxb4
65.Nc5 Nc6 66.Nb3 Kd7 67.Kd5 Ne7+ 68.Kc5 Ke6 69.Kb6 Kxe5 70.Nc5 Kd6 71.Nb7+ Kd7
72.Nc5+ Kd6 73.Ne4+ Kd5 74.Nf6+ Kd6 75.Ne8+ Kd7 76.Nf6+ Kd6  1/2-1/2

[Event "5th Int ch-Central Serbia 2012"]
[Site "Paracin SRB"]
[Date "2012.07.07"]
[Round "3.15"]
[White "Kacakovski,D"]
[Black "Nestorovic,De"]
[Result "1/2-1/2"]
[WhiteElo "2122"]
[BlackElo "2404"]

1.e4 c5 2.Nf3 e6 3.d4 cxd4 4.Nxd4 a6 5.Bd3 Nf6 6.O-O Qc7 7.Qe2 d6 8.c4 Nbd7
9.f4 g6 10.f5 e5 11.Nc2 b6 12.Nc3 Bb7 13.Bg5 Be7 14.Be3 Nc5 15.Bd2 Rc8 16.b3 Rg8
17.Rac1 Qd7 18.Nd5 Bxd5 19.cxd5 Nxd3 20.Qxd3 Qb5 21.Qf3 Qd7 22.Ne3 g5 23.Rxc8+ Qxc8
24.Rc1 Qb7 25.Ng4 Kd7 26.Nxf6+ Bxf6 27.Qh5 Ke7 28.Rc6 Rc8 29.Bxg5 Rxc6 30.Bxf6+ Kxf6
31.Qh4+ Kg7 32.Qg5+ Kf8 33.dxc6 Qxc6 34.Qd8+ Kg7 35.Qg5+ Kf8  1/2-1/2

[Event "7th Wroclaw Open A"]
[Site "Wroclaw POL"]
[Date "2012.07.07"]
[Round "6.5"]
[White "Piorun,K"]
[Black "Cyborowski,L"]
[Result "1-0"]
[WhiteElo "2489"]
[BlackElo "2555"]

1.e4 c5 2.Nf3 e6 3.d4 cxd4 4.Nxd4 a6 5.Bd3 d6 6.O-O Nf6 7.c4 b6 8.Nc3 Bb7
9.f4 Be7 10.Qe2 Nbd7 11.Bd2 Qc7 12.b4 Rc8 13.Rae1 O-O 14.a3 Rfd8 15.g4 Nb8
16.g5 Nfd7 17.Nd5 exd5 18.exd5 Bf8 19.Ne6 Re8 20.Bxh7+ Kxh7 21.Qd3+ Kg8 22.Nxc7 Rxe1
23.Rxe1 Rxc7 24.Re8 b5 25.cxb5 axb5 26.Qxb5 Ba6 27.Qa5 Rc2 28.b5 Bxb5 29.Bb4 Re2
30.Rxb8  1-0

[Event "St. Pauli Open 2012"]
[Site "Hamburg GER"]
[Date "2012.07.08"]
[Round "2.1"]
[White "Schroeder,Christo"]
[Black "Ghaem Maghami,E"]
[Result "1-0"]
[WhiteElo "2184"]
[BlackElo "2577"]

1.e4 c5 2.Nf3 e6 3.d4 cxd4 4.Nxd4 a6 5.Bd3 Nf6 6.O-O Qc7 7.c4 Nc6 8.Nxc6 dxc6
9.f4 e5 10.f5 b5 11.Qe2 Bc5+ 12.Kh1 Bb7 13.Bg5 Rd8 14.Nc3 Be7 15.Rac1 b4
16.Nd1 Qa5 17.Bb1 O-O 18.Nf2 h6 19.Bxf6 Bxf6 20.Rcd1 Bg5 21.Rxd8 Rxd8 22.Rd1 Rxd1+
23.Nxd1 Bd8 24.Nf2 Qc5 25.Nh3 Bb6 26.g3 Kf8 27.Kg2 Ke7 28.Nf2 Qd4 29.Kf3 a5
30.b3 h5 31.Bd3 g6 32.fxg6 fxg6 33.c5 Bxc5 34.Bc4 Bc8 35.Kg2 Qxf2+ 36.Qxf2 Bxf2
37.Kxf2 Be6 38.Bxe6 Kxe6 39.Ke3 Kd6  1-0

[Event "6th LCT GpA 2012"]
[Site "Leiden NED"]
[Date "2012.07.08"]
[Round "3.11"]
[White "Horvath,Cs1"]
[Black "Algera,S"]
[Result "1-0"]
[WhiteElo "2507"]
[BlackElo "2113"]

1.e4 c5 2.Nf3 e6 3.d4 cxd4 4.Nxd4 a6 5.Bd3 Bc5 6.Nb3 Ba7 7.Qg4 Kf8 8.Qg3 Nc6
9.Nc3 h5 10.Bf4 h4 11.Bd6+ Nge7 12.Qf4 Kg8 13.e5 b5 14.O-O-O b4 15.Na4 Nd5
16.Qd2 Rh5 17.Be4 Nb6 18.Nxb6 Qxb6 19.f4 Qb5 20.g4 Rh6 21.f5 Bb7 22.f6 Rg6
23.Bxg6 fxg6 24.Qg5 Nd8 25.Qxg6 Be3+ 26.Kb1 Bh6 27.g5  1-0

[Event "4th Rethymno Open"]
[Site "Rethymno GRE"]
[Date "2012.07.08"]
[Round "3.10"]
[White "Karabalis,H"]
[Black "Rychagov,A"]
[Result "0-1"]
[WhiteElo "2251"]
[BlackElo "2517"]

1.e4 c5 2.Nf3 e6 3.d4 cxd4 4.Nxd4 a6 5.Bd3 Bc5 6.Nb3 Be7 7.Qg4 g6 8.Qe2 d6
9.O-O Nd7 10.a4 Ne5 11.a5 Bd7 12.Be3 Nf6 13.f4 Nxd3 14.cxd3 O-O 15.Na3 Bc6
16.Rfc1 e5 17.fxe5 dxe5 18.Nc4 Nd7 19.Bh6 Re8 20.Rf1 Bf8 21.Be3 Qe7 22.Rf2 Qb4
23.Nbd2 Bg7 24.Raf1 f6 25.g4 Nf8 26.Rf3 Ne6 27.Qf2 Rf8 28.Qh4 Rad8 29.Rh3 h6
30.Bxh6 g5 31.Qe1 Nf4 32.Rxf4 exf4 33.Bxg7 Kxg7 34.e5 Qc5+ 35.Kf1 Qd4 36.Nd6 fxe5
37.Nf5+ Rxf5 38.gxf5 Bb5 39.Kg2 Qxb2 40.Qe2 f3+ 41.Rxf3 Bc6 42.Qe3 Bxf3+
43.Kxf3 Kf7 44.Ne4 Qxh2 45.Nxg5+ Ke8 46.f6 Qf4+ 47.Qxf4 exf4 48.Ke4 Rd6 49.f7+ Ke7
50.d4 f3 51.Kxf3 Rd5  0-1

[Event "Werner-Ott-Open 2012"]
[Site "Berlin GER"]
[Date "2012.07.09"]
[Round "3.4"]
[White "Lerch,Ph"]
[Black "Kalinitschew,S"]
[Result "0-1"]
[WhiteElo "2092"]
[BlackElo "2439"]

1.e4 c5 2.Nf3 e6 3.d4 cxd4 4.Nxd4 a6 5.Bd3 Nc6 6.Nxc6 dxc6 7.Be3 e5 8.Nd2 Nf6
9.h3 Bd6 10.O-O Qe7 11.Qe2 h6 12.Nc4 Bc5 13.Bxc5 Qxc5 14.c3 a5 15.a3 a4 16.Qe3 Qxe3
17.fxe3 O-O 18.Nxe5 Re8 19.Nc4 Nxe4 20.Nb6 Rb8 21.Nxc8 Rbxc8 22.Bxe4 Rxe4
23.Rad1 Rc7 24.Rf3 Rce7 25.Kf2 g6 26.Rd2 Kg7 27.Rf4 Rxe3 28.Rxa4 Re1 29.Rad4 Rb1
30.a4 g5 31.a5 Re5 32.Rb4 Rf5+ 33.Kg3 h5 34.h4 Rxa5 35.Rxb7 gxh4+ 36.Kxh4 Rh1+
37.Kg3 Rg5+ 38.Kf2 h4 39.Rbd7 Rf5+ 40.Ke3 Rh2 41.R7d4 Rg5 42.Rf2 Rg3+ 43.Ke2 Rgxg2
44.Rxg2+ Rxg2+ 45.Kf3 Rxb2 46.Rxh4 Rd2 47.Rc4 Rd6 48.Rc5 Re6 49.Ra5 Kf6 50.Ra7 Re5
51.Kf4 Rc5 52.Ra3 Ke6 53.Ke4 f5+ 54.Kd4 Rd5+ 55.Kc4 f4 56.Ra6 Kd6 57.Ra2 Ke5
58.Re2+ Kf5 59.Rf2 Re5  0-1

[Event "35th Barbera Open A"]
[Site "Barbera del Valles ESP"]
[Date "2012.07.10"]
[Round "7.26"]
[White "Miller,Jake S"]
[Black "Anurag,M"]
[Result "0-1"]
[WhiteElo "2060"]
[BlackElo "2301"]

1.e4 c5 2.Nf3 e6 3.d4 cxd4 4.Nxd4 a6 5.Bd3 Nf6 6.Nc3 Qc7 7.O-O b5 8.a4 b4
9.Na2 Bb7 10.Qe2 Nc6 11.Nf3 d5 12.e5 Nd7 13.Re1 Nc5 14.Bd2 Be7 15.c3 bxc3
16.Nxc3 O-O 17.Bb1 Rfd8 18.Ng5 g6 19.Qf3 Bf8 20.Qh3 h6 21.Nf3 h5 22.Bg5 Rdc8
23.Qh4 Bg7 24.Bf6 Nd7 25.Bxg7 Kxg7 26.Qf4 Rab8 27.Bd3 Nc5 28.Qf6+ Kg8 29.Bc2 Qe7
30.Qf4 Ba8 31.Nd1 Rb4 32.Qh6 Qf8 33.Qd2 d4 34.Ra3 a5 35.Ng5 d3 36.Bxd3 Rd8
37.Qe3 Nxe5 38.Be2 Nc4 39.Bxc4 Rxc4 40.Rc3 Rcd4 41.Rxc5 Qxc5 42.Nc3 Qb4 43.h4 Rxh4  0-1

[Event "86th ch-ARG 2012"]
[Site "La Plata ARG"]
[Date "2012.07.10"]
[Round "9.11"]
[White "Martinez de Negri,G"]
[Black "Pichot,A"]
[Result "0-1"]
[WhiteElo "2093"]
[BlackElo "2287"]

1.e4 c5 2.Nf3 e6 3.d4 cxd4 4.Nxd4 a6 5.Bd3 Nf6 6.O-O Qc7 7.c4 Bc5 8.Be3 Qb6
9.Qb3 Ng4 10.Qxb6 Bxb6 11.Nf5 Nxe3 12.Nxe3 Nc6 13.Nc2 d6 14.Nc3 Ne5 15.Be2 Bd7
16.Rad1 Ke7 17.Kh1 g5 18.Ne3 Bxe3 19.fxe3 Rhd8 20.Rd4 Bc6 21.Rfd1 Rd7 22.Nd5+ exd5
23.exd5 Ba4 24.b3 Rc7 25.bxa4 Rac8 26.Rb1 Nxc4 27.Bg4 Na3 28.Rbd1 Rf8 29.Bf5 Kd8
30.e4 f6 31.g4 h6 32.Be6 Nc4 33.Rb1 Rh8 34.Rxc4 Rxc4 35.Rxb7 Rf8 36.Rd7+ Ke8
37.Ra7 f5 38.gxf5 Rxe4 39.Kg2 Re2+ 40.Kg3 Rxa2 41.h4 gxh4+ 42.Kxh4 Rxa4+
43.Kh5 Ra1 44.Kg6 Rg1+ 45.Kh7 a5 46.Rxa5 Ke7 47.Ra4 Kf6 48.Ra7 h5  0-1

[Event "Turkish Bank Chess League 2012"]
[Site "Konya TUR"]
[Date "2012.07.11"]
[Round "1"]
[White "Cemhan,K"]
[Black "Arig,B"]
[Result "1-0"]
[WhiteElo "1962"]
[BlackElo "1864"]

1.e4 c5 2.Nf3 e6 3.d4 cxd4 4.Nxd4 a6 5.Bd3 Nf6 6.O-O Qc7 7.Qe2 d6 8.c4 g6
9.Nc3 Bg7 10.Be3 O-O 11.f3 Nbd7 12.Rab1 b6 13.Rfc1 Bb7 14.b4 Rfc8 15.Nb3 Bc6
16.a4 Ne5 17.Nd5 exd5 18.cxd5 Qb7 19.dxc6 Rxc6 20.b5 Rxc1+ 21.Rxc1 axb5 22.Bxb5 d5
23.Bd4 Qb8 24.f4 Nc4 25.exd5 Na5 26.Be5 Qd8 27.Nxa5 bxa5 28.d6 Rc8 29.Rxc8 Qxc8
30.Qc4 Qg4 31.Qd4 Qf5 32.d7  1-0

[Event "4th Rethymno Open"]
[Site "Rethymno GRE"]
[Date "2012.07.11"]
[Round "6.16"]
[White "Rudolf,An"]
[Black "Filip,L"]
[Result "0-1"]
[WhiteElo "2325"]
[BlackElo "2481"]

1.e4 c5 2.Nf3 e6 3.d4 cxd4 4.Nxd4 a6 5.Bd3 Bc5 6.Nb3 Be7 7.Qg4 g6 8.Qe2 d6
9.a4 Nc6 10.Na3 Ne5 11.Nc4 Nxc4 12.Bxc4 Qc7 13.a5 Nf6 14.Bh6 Bd7 15.Nd2 Bf8
16.Bxf8 Kxf8 17.O-O Kg7 18.Bd3 Rad8 19.Ra3 Bc6 20.Re1 e5 21.c4 Nd7 22.b4 Nf8
23.Rc3 Ne6 24.Qe3 Rc8 25.Rec1 Rhf8 26.Bb1 f5 27.Ba2 f4 28.Qd3 Rcd8 29.Qf1 Qe7
30.b5 Bd7 31.Rb3 f3 32.g3 Ng5 33.Bb1 Bh3 34.Qe1 Bg2 35.h4 Qe6  0-1

[Event "ch-SUI Hauptturnier 1 2012"]
[Site "Flims SUI"]
[Date "2012.07.12"]
[Round "1"]
[White "Zaza,L"]
[Black "Miezis,N"]
[Result "0-1"]
[WhiteElo "1977"]
[BlackElo "2578"]

1.e4 c5 2.Nf3 e6 3.d4 cxd4 4.Nxd4 a6 5.Bd3 Nc6 6.Nxc6 dxc6 7.O-O e5 8.Nd2 Ne7
9.Nc4 Ng6 10.Qh5 f6 11.Be3 Be6 12.Rad1 Qc7 13.f4 Bf7 14.fxe5 Nxe5 15.Qe2 Be7
16.Nxe5 Qxe5 17.Bf4 Qc5+ 18.Be3 Qh5 19.Qd2 Be6 20.Be2 Qe5 21.Bf4 Qxb2 22.Rb1 Qa3
23.Rxb7 O-O 24.Rf3 Qc5+ 25.Kh1 Rfd8 26.Qe1 Bf8 27.Qh4 Qxc2 28.Bf1 Qxe4 29.Re3 Rd1
30.Qf2 Qd4  0-1

[Event "27th Gniota Memorial"]
[Site "Police POL"]
[Date "2012.07.12"]
[Round "2.2"]
[White "Franzen,Joz"]
[Black "Olszewski,Mi"]
[Result "1-0"]
[WhiteElo "2304"]
[BlackElo "2526"]

1.e4 c5 2.Nf3 e6 3.d4 cxd4 4.Nxd4 a6 5.Bd3 Bc5 6.Nb3 Be7 7.Qg4 g6 8.Qe2 d6
9.c4 Nd7 10.Nc3 Qc7 11.O-O Ngf6 12.Bh6 Ne5 13.f4 Neg4 14.Bg7 Rg8 15.Bxf6 Nxf6
16.e5 Nd7 17.Rae1 Kf8 18.Rf3 Kg7 19.Rh3 Rh8 20.Kh1 dxe5 21.fxe5 b6 22.Nd4 Nc5
23.Bc2 Bb7 24.Rf1 Rhf8 25.Nd5 Qd8 26.b4 exd5 27.bxc5 Bc8 28.Rd3 Bxc5 29.cxd5 Qh4
30.Nf3 Qh5 31.Bb3 a5 32.Bc4 Qg4 33.Rdd1 Rd8 34.e6 fxe6 35.Qb2+  1-0

[Event "4th Rethymno Open"]
[Site "Rethymno GRE"]
[Date "2012.07.12"]
[Round "7.13"]
[White "Karabalis,H"]
[Black "David,Alb"]
[Result "0-1"]
[WhiteElo "2251"]
[BlackElo "2605"]

1.e4 c5 2.Nf3 e6 3.d4 cxd4 4.Nxd4 a6 5.Bd3 Bc5 6.Nb3 Be7 7.Qg4 g6 8.Qe2 d6
9.a4 Nc6 10.O-O Ne5 11.a5 Nf6 12.Bh6 Nfg4 13.Bg7 Rg8 14.Bxe5 Nxe5 15.f4 Nxd3
16.Qxd3 Bd7 17.f5 gxf5 18.exf5 Qc7 19.Nc3 O-O-O 20.fxe6 fxe6 21.Rf7 Be8 22.Qxh7 Bxf7
23.Qxf7 d5 24.Qxe6+ Kb8 25.Rd1 Bd6 26.h3 Qg7 27.g4 Rge8 28.Qf5 Rf8 29.Qe6 Qh7
30.Rd3 Qh4 31.Qe3 Rde8 32.Qb6 Qe1+  0-1

[Event "112th ch-SUI 2012"]
[Site "Flims SUI"]
[Date "2012.07.13"]
[Round "2.3"]
[White "Klauser,M"]
[Black "Kurmann,O"]
[Result "1/2-1/2"]
[WhiteElo "2370"]
[BlackElo "2460"]

1.e4 c5 2.Nf3 e6 3.d4 cxd4 4.Nxd4 a6 5.Bd3 Bc5 6.Nb3 Be7 7.O-O d6 8.Qg4 g6
9.Qe2 Nc6 10.a4 Ne5 11.a5 Nf6 12.Nc3 O-O 13.f4 Nxd3 14.cxd3 b5 15.f5 Nd7
16.Bh6 Re8 17.fxg6 fxg6 18.Nd4  1/2-1/2

[Event "TCh-CHN 2012"]
[Site "Tianjin CHN"]
[Date "2012.07.13"]
[Round "9"]
[White "Yu Ruiyuan"]
[Black "Wang Chen"]
[Result "1-0"]
[WhiteElo "2511"]
[BlackElo "2490"]

1.e4 c5 2.Nf3 e6 3.d4 cxd4 4.Nxd4 a6 5.Bd3 b6 6.O-O Bb7 7.c4 Nc6 8.Nf3 Qc7
9.Qe2 d6 10.Nc3 Nf6 11.Bf4 Ne5 12.Nxe5 dxe5 13.Be3 Bc5 14.Na4 Bxe4 15.Bxe4 Nxe4
16.Qf3 Qb7 17.Nxb6 Rb8 18.Rad1 Qxb6 19.Qxe4 Bxe3 20.fxe3 O-O 21.b3 Qa5 22.Qc2 Qc5
23.Qd3 a5 24.Qc3 Rfd8 25.Kh1 f5 26.Rd2 Kf7 27.Rfd1 Ke7 28.e4 Rxd2 29.Qxd2 f4
30.h3 Qc7 31.Qf2 g5 32.c5 Rd8 33.Rc1 Qc6 34.Qe2 Kf6 35.a3 Rd4 36.Qh5 Rxe4
37.Qh6+ Kf5 38.Qxh7+ Kf6 39.Qh6+ Kf5 40.h4 gxh4 41.Qh5+ Kf6 42.Qxh4+ Kf5
43.Qh5+ Kf6 44.Qh6+ Kf5 45.Qh7+ Kg5 46.Qg7+ Kf5 47.Qf7+ Kg5 48.Qg8+ Kf5 49.Qh7+ Kg5
50.Qg7+ Kf5 51.Qf7+ Kg5 52.Rd1 Rd4 53.Qg7+ Kf5 54.Qf8+ Kg5 55.Re1 Qd5 56.Qg7+ Kf5
57.Qf7+ Kg5 58.Qg7+ Kf5 59.Qf7+ Kg5 60.c6 Rd1 61.Rxd1 Qxd1+ 62.Kh2 Qe1 63.Qg7+ Kf5
64.Qh7+ Kf6 65.Qh3 Ke7 66.b4 axb4 67.axb4 Kd6 68.b5 e4 69.Qa3+ Kd5 70.c7 e3
71.Qa8+ Ke5 72.Qh8+ Kd5 73.Qd8+ Ke4 74.Qg5 e2 75.c8=Q  1-0

[Event "TCh-CHN 2012"]
[Site "Tianjin CHN"]
[Date "2012.07.13"]
[Round "9"]
[White "Ding Yixin"]
[Black "Zhang Jilin"]
[Result "1-0"]
[WhiteElo "2350"]
[BlackElo "2257"]

1.e4 c5 2.Nf3 e6 3.d4 cxd4 4.Nxd4 a6 5.Bd3 Nf6 6.O-O d6 7.Kh1 Be7 8.f4 Qc7
9.Qe2 Nbd7 10.Nd2 b6 11.N2f3 g6 12.e5 Nh5 13.exd6 Qxd6 14.Be4 Rb8 15.Nc6 f5
16.Rd1 Qc7 17.Bd5 Ndf6 18.Nxb8 Nxd5 19.Qe5 Qxe5 20.fxe5 Bb7 21.c4 Nb4 22.a3 Nc2
23.Ra2 f4 24.b3 Ne3 25.Rd7 Be4 26.Rad2 g5 27.Nxa6 Rg8 28.Nc7+ Kf7 29.a4 g4
30.Nh4 Nxg2 31.Rxe7+  1-0

[Event "Minsk Open 2012"]
[Site "Minsk BLR"]
[Date "2012.07.14"]
[Round "5.1"]
[White "Kovalev,Vl"]
[Black "Rozum,I"]
[Result "1/2-1/2"]
[WhiteElo "2476"]
[BlackElo "2486"]

1.e4 c5 2.Nf3 e6 3.d4 cxd4 4.Nxd4 a6 5.Bd3 Nf6 6.O-O Qc7 7.Qe2 d6 8.c4 g6
9.Nc3 Bg7 10.Rd1 O-O 11.Be3 b6 12.Rac1 Bb7 13.f3 Nbd7 14.Qf2 Rfe8 15.b4 Rac8
16.Bf1 Qb8 17.Nb3 Ne5 18.Na4 d5 19.Nxb6 Rcd8 20.exd5 exd5 21.Bd4 Bh6 22.c5 Nc6
23.Rc3 Nh5 24.b5 axb5 25.Bxb5 Re6 26.Bxc6 Bxc6 27.Na5 Qc7 28.Be3 d4 29.Nxc6 dxc3
30.Rxd8+ Qxd8 31.Nxd8 Bxe3 32.Nxe6 Bxf2+ 33.Kxf2 c2 34.c6 c1=Q 35.c7 Qb2+
36.Ke1 Qc3+ 37.Kd1 Qd3+ 38.Ke1 Qe3+ 39.Kf1 Qc1+ 40.Kf2 Qb2+ 41.Ke1 Qb4+ 42.Kd1 Qb1+
43.Kd2 Qxa2+ 44.Kc1 Qa3+ 45.Kc2 Qa2+ 46.Kc1  1/2-1/2

[Event "4th Rethymno Open"]
[Site "Rethymno GRE"]
[Date "2012.07.14"]
[Round "9.27"]
[White "Videnova,I"]
[Black "Naoum,S"]
[Result "1-0"]
[WhiteElo "2328"]
[BlackElo "2123"]

1.e4 c5 2.Nf3 e6 3.d4 cxd4 4.Nxd4 a6 5.Bd3 Bc5 6.Nb3 Be7 7.Qg4 g6 8.Qe2 d6
9.O-O Nd7 10.Na3 Qc7 11.Nc4 b5 12.Nca5 Nb6 13.c4 bxc4 14.Nxc4 Nxc4 15.Bxc4 Bb7
16.Bd2 Nf6 17.Rfc1 Qd7 18.Bd3 O-O 19.Na5 e5 20.Rc3 Rfb8 21.Rac1 Bd8 22.Nxb7 Rxb7
23.R1c2 Ba5 24.Ra3 Bxd2 25.Qxd2 Rb6 26.Ra5 Kg7 27.Qc1 d5 28.exd5 Nxd5 29.Be4 Rd6
30.Bxd5 Rxd5 31.Rxd5 Qxd5 32.b3 Rd8 33.h3 Qe4 34.Kh2 Rd7 35.Rc4 Qe2 36.Rc2 Qe4
37.Rc6 a5 38.Rc5 Rd5 39.Rxd5 Qxd5 40.Qc3 Qe4 41.a3 f6 42.b4 axb4 43.axb4 Qe2
44.Qc5 Qd3 45.Qe7+ Kg8 46.Qxf6 Qb5 47.Qe7 h6 48.Qf6 Kh7 49.Qf7+ Kh8 50.Qxg6 Qxb4
51.Qxh6+ Kg8 52.Qe6+  1-0

[Event "16th Battle of Senta Open A"]
[Site "Senta SRB"]
[Date "2012.07.14"]
[Round "1.24"]
[White "Paroski,S"]
[Black "Manojlovic,Sa"]
[Result "1/2-1/2"]
[WhiteElo "2184"]
[BlackElo "2077"]

1.e4 c5 2.Nf3 e6 3.d4 cxd4 4.Nxd4 a6 5.Bd3 d6 6.Nc3 b5 7.a3 Bb7 8.O-O Nf6
9.Bg5 Be7 10.Qf3 Nbd7  1/2-1/2